|
|
|
|
| LEADER |
00000cam a2200000 a 4500 |
| 001 |
vtls010880979 |
| 003 |
SK-MaSNL |
| 005 |
20260331211032.0 |
| 008 |
220118t1787 xo f 000 0 slo |
| 015 |
|
|
|a SNBHFA1787
|
| 035 |
|
|
|a urn:nbn:sk:snk-am00eofw
|
| 035 |
|
|
|a urn:nbn:sk:snk-am3ilm4
|
| 035 |
|
|
|a 33C7A8F5-A289-4B97-B40C-AE67FDF896F7
|
| 040 |
|
|
|a SNK
|b slo
|c SNK
|e AACR2
|
| 041 |
0 |
|
|a slo
|
| 044 |
|
|
|a xo
|c SK
|
| 072 |
|
7 |
|a 27-5
|x Liturgia. Kresťanské umenie a symbolika. Duchovný život
|2 konspekt
|
| 072 |
|
7 |
|a 783
|x Cirkevná hudba. Duchovná hudba. Náboženská hudba
|2 konspekt
|
| 080 |
|
|
|a 27-53
|2 2011
|
| 080 |
|
|
|a 783.3
|2 2011
|
| 100 |
1 |
|
|a Institoris-Mošovský, Michal,
|d 1733-1803
|4 com
|9 310584
|
| 245 |
1 |
0 |
|a We Gménu Pána Gežjsse, toho vkřižowaného, Pořádek Swaté Passie
|b gako I. W Nedĕli Kwĕtnau; II. W weliký Pátek, w Cýrkwi Ewangelicské Slowenské w Presspurku, každoročnĕ před Oltářem čtena býwá
|
| 246 |
3 |
0 |
|a Pořádek Swaté Passie
|
| 250 |
|
|
|a Nowé ponaprawené Wydanj, k obecnému y giných Cýrkwi, které geg sobĕ obljbily, vžjwánj
|
| 260 |
|
|
|a W Presspurku
|b v Jana Michala Landerera, Vrozeného z Füškútu
|c 1787
|
| 300 |
|
|
|a 84 s.
|c 15 cm
|
| 500 |
|
|
|a Vinety. Ozdobné linky. Typografické ozdoby. Zložky. Kustody
|
| 504 |
|
|
|a Živé záhlavie
|
| 508 |
|
|
|a Autor podľa Riznera
|
| 510 |
4 |
|
|a Rizner II/223
|
| 546 |
|
|
|a Predspisovná slovenčina
|b Fraktúra
|
| 610 |
2 |
7 |
|a Evanjelická cirkev a.v.
|2 SNKKA
|9 32425
|
| 650 |
0 |
7 |
|a pašie
|2 SNKPH
|9 3438
|
| 650 |
0 |
7 |
|a bohoslužby
|2 SNKPH
|9 1999
|
| 655 |
|
7 |
|a príručky
|2 SNKPH
|9 74364
|
| 700 |
1 |
|
|a Landerer, Ján Michal,
|d 1726-1795
|4 prt
|9 158270
|
| 752 |
|
|
|a Slovensko
|d Bratislava
|
| 852 |
|
|
|a snk
|p SE 2240
|
| 958 |
|
|
|a ONDV
|
| 999 |
|
|
|c 673000
|d 674930
|
| 952 |
|
|
|a SNK
|b SNK
|y PREZ
|7 0
|p 17A0741366
|o snkSE 2240
|i snkKSK 322/58
|8 3
|0 0
|1 0
|4 0
|d 2020-10-29
|f 1
|l 0
|r 2026-02-23 19:32:30
|w 2026-02-23
|
| 952 |
|
|
|a SNK
|b SNK
|y PREZ
|7 0
|p 17A1396787
|o snkSE 2240 D1
|i snkF 3274/66
|8 5
|0 0
|1 0
|4 0
|d 2020-10-29
|l 0
|r 2026-02-23 19:32:30
|w 2026-02-23
|
| 952 |
|
|
|a SNK
|b SNK
|y PREZ
|7 0
|p 17A1396788
|o snkSE 2240 D2
|i snkK 2296/68
|8 3
|0 0
|1 0
|4 0
|d 2020-10-29
|l 0
|r 2026-02-23 19:32:30
|w 2026-02-23
|
| 952 |
|
|
|a SNK
|b SNK
|y PREZ
|7 0
|p 17A1396789
|o snkSE 2240 D3
|i snkF 3377/88
|8 5
|0 0
|1 0
|4 0
|d 2020-10-29
|l 0
|r 2026-02-23 19:32:30
|w 2026-02-23
|